000 00771naa a22002297u 4500
001 06753
003 HDC
007 cr bn ---aaaaa
008 210124t2003 ce 000 0 eng
040 _aHDC
245 0 _aEffect of hydro-cooling on storage life of green soybean (Glycine max L.)
260 _aChina :
_bFFTC Research Highlights,
_c2003
336 _atext
_2rdacontent
337 _acomputer
_2rdamedia
338 _aonline resource
_2rdacarrier
650 _aAgriculture
_91238
650 _aFood industry and trade
_9140
856 _zRequest full-text at [email protected]
942 _2lcc
942 _cEIS
942 _kEMAG 000360
999 _c4077
_d4077